Groepen van 8 - Statistieken

Algemene statistieken
  • Deze quiz is 34 keer genomen
  • De gemiddelde score is 40 van 72
Antwoordstatistieken
Group Antwoord % Correct
Planeten in het zonnestelsel Aarde
96%
Planeten in het zonnestelsel Jupiter
96%
Planeten in het zonnestelsel Mars
91%
Planeten in het zonnestelsel Venus
91%
Standaard berensoorten {IJs}beer
87%
Planeten in het zonnestelsel Saturnus
87%
Landen die de FIFA Wereldbeker bij de mannen wonnen Brazilië
83%
Buurlanden van Turkije Bulgarije
83%
Landen die de FIFA Wereldbeker bij de mannen wonnen Frankrijk
83%
Landen die de FIFA Wereldbeker bij de mannen wonnen Italië
83%
Planeten in het zonnestelsel Mercurius
83%
Landen tussen de VS en Colombia Mexico
83%
Landen die de FIFA Wereldbeker bij de mannen wonnen Argentinië
78%
Standaard berensoorten {Bruine} beer
78%
Landen die de FIFA Wereldbeker bij de mannen wonnen Duitsland
78%
Buurlanden van Turkije Griekenland
78%
Buurlanden van Turkije Irak
78%
Planeten in het zonnestelsel Neptunus
78%
Landen die de FIFA Wereldbeker bij de mannen wonnen Spanje
78%
Buurlanden van Turkije Azerbeidzjan
74%
Landen tussen de VS en Colombia Costa Rica
74%
Buurlanden van Turkije Georgië
74%
Buurlanden van Turkije Iran
74%
Meest voorkomende woordsoorten {Lid}woord
74%
Landen tussen de VS en Colombia Nicaragua
74%
Buurlanden van Turkije Syrië
74%
Planeten in het zonnestelsel Uranus
74%
Meest voorkomende woordsoorten {Werk}woord
74%
Buurlanden van Turkije Armenië
70%
Meest voorkomende woordsoorten {Bij}woord
70%
Landen tussen de VS en Colombia El Salvador
70%
Landen tussen de VS en Colombia Guatemala
70%
Landen tussen de VS en Colombia Honduras
70%
Landen tussen de VS en Colombia Panama
70%
Landen die de FIFA Wereldbeker bij de mannen wonnen Uruguay
70%
Landen tussen de VS en Colombia Belize
65%
Landen die de FIFA Wereldbeker bij de mannen wonnen Engeland
61%
Onderdelen van een "Full English" ontbijt Gebakken {bonen}
52%
Amerikaanse Staten die grenzen aan de Grote Meren Illinois
52%
Amerikaanse Staten die grenzen aan de Grote Meren New York
52%
Onderdelen van een "Full English" ontbijt Gefrituurd/geroosterd {brood}
48%
Amerikaanse Staten die grenzen aan de Grote Meren Michigan
48%
Amerikaanse Staten die grenzen aan de Grote Meren Ohio
48%
Amerikaanse Staten die grenzen aan de Grote Meren Pennsylvania
48%
Deelstaten van Australië Tasmanië
48%
Meest voorkomende woordsoorten {Voornaam}woord
48%
Amerikaanse Staten die grenzen aan de Grote Meren Indiana
43%
Meest voorkomende woordsoorten {Naam}woord
43%
Deelstaten van Australië Queensland
43%
Amerikaanse Staten die grenzen aan de Grote Meren Wisconsin
43%
Amerikaanse Staten die grenzen aan de Grote Meren Minnesota
39%
Deelstaten van Australië Victoria
39%
Deelstaten van Australië West-Australië
39%
Standaard berensoorten {Amerikaanse} zwarte beer
35%
Onderdelen van een "Full English" ontbijt Eieren
35%
Standaard berensoorten {Panda}beer
35%
Meest voorkomende woordsoorten {Voeg}woord
35%
Onderdelen van een "Full English" ontbijt Gefrituurde {tomaten}
30%
Deelstaten van Australië Nieuw-Zuid-Wales
30%
Deelstaten van Australië Zuid-Australië
30%
Deelstaten van Australië Australisch Hoofdstedelijk Territorium
26%
Onderdelen van een "Full English" ontbijt Bacon
26%
Onderdelen van een "Full English" ontbijt {Bloed}worst
26%
Onderdelen van een "Full English" ontbijt {Varkens}worst
22%
Onderdelen van een "Full English" ontbijt Gefrituurde {champignons}
13%
Deelstaten van Australië Noordelijk Territorium
13%
Meest voorkomende woordsoorten Voorzetsel
13%
Standaard berensoorten {Bril}beer
9%
Standaard berensoorten {Honing}beer
9%
Standaard berensoorten {Lippen}beer
9%
Meest voorkomende woordsoorten Tussenwerpsel
9%
Standaard berensoorten {Aziatische} zwarte beer
4%
Geen overeenkomende quizzen gevonden
Scoreverdeling
Procent van Mensen met Elke Score
Percentiel versus Aantal Correcte Antwoorden
Uw Scoregeschiedenis
U heeft deze quiz nog niet genomen